| 000 | 00776nam a2200229 a 4500 | ||
|---|---|---|---|
| 001 | 000042674 | ||
| 005 | 20240412074301.0 | ||
| 008 | 140204s2011 dr 000 p spa d | ||
| 020 | _a9789945004847 | ||
| 040 |
_aDO-SdBNP _bspa _cBNPHU |
||
| 082 |
_aRD861.44 _bP433s |
||
| 100 | 1 |
_aPerdomo, Ramón, _d1956- _969969 |
|
| 245 | 1 | 0 |
_aSilencio del olor : _bpoemas / _cRamón Perdomo. |
| 260 |
_aSan Pedro de Macorís : _b[s. n.], _c2011. |
||
| 300 |
_a74 p. ; _c18 cm. |
||
| 500 | _aIncluye datos biográficos del autor en la contracubierta | ||
| 500 | _aLa biblioteca posee un ejemplar autografiado poe el autor | ||
| 590 | _aInventariado, 2018 / DG | ||
| 650 | 0 |
_aPoesía dominicana _966 |
|
| 650 | 0 |
_aLiteratura dominicana. _967 |
|
| 910 | _aValidado. Control de calidad MFF | ||
| 999 |
_c42163 _d42163 |
||